00452nam a2200121 a 450000100100000000500170001000800410002704000250006808200140009324500800010726001160018730000270030300002882320200930055147.0110412s2002 dr a 000 0 spa d aDO-SdBNPbspacBNPHU axxxbM53300aMemorial de doctorado honoris causa al honorable Fernando Henrique Cardoso. aQuito, Ecuador :bFacultad Latinoamericano de Ciencias Sociales (FLACSO),c2002eSanto DomingofAmigo del Hogar a37 p. :bil. ;c28 cm.